000 00710nam a22002537a 4500
003 UA-OsUOA
001 32152
007 ta
008 20050124b un ||||| |||| 00| 0 ukr d
090 _a94(470+571)
_bЛ45
942 _cBK
040 _aUA-OsUOA
_brus
_cUA-OsUOA
_dUA-OsUOA
245 _aЛенин. Октябрь семнадцатого
_bДокументальное повествование
_cСост. А. И.Иванский
300 _a368 с.
_bІлюстрації
955 _a0
041 _arus
080 _a94(470+571)
260 _aМосква
_bПолитиздат
_c1986
246 3 1 _aТ.2
_n
044 _aRU
250 _n2-е изд.
650 7 _2UDC
999 _c318590
_d318590